|
|
|
|
| LEADER |
00000nas a2200000 a 4500 |
| 001 |
ssj0060988 |
| 003 |
WaSeSS |
| 005 |
20200512172242.0 |
| 006 |
m d |
| 007 |
cr n |
| 008 |
080312c20089999ne qr pss 0 a0eng |
| 010 |
|
|
|a 2008220105
|
| 016 |
7 |
|
|a 014533031
|2 Uk
|
| 022 |
|
|
|a 1946-9837
|l 1946-9837
|y 1938-9736
|
| 035 |
|
|
|a (WaSeSS)ssj0060988
|
| 037 |
|
|
|b Elsevier Health Sciences Division, 170 S Independence Mall W 300 E., Philadelphia, PA 19106-3399
|
| 040 |
|
|
|a AGL
|b eng
|c AGL
|d NSD
|d KSU
|d VRC
|d DLC
|d UKMGB
|d OCLCQ
|d OCLCF
|d OCLCO
|d AGL
|d OCLCQ
|d AGL
|d VT2
|d WaSeSS
|
| 042 |
|
|
|a pcc
|a nsdp
|
| 050 |
1 |
4 |
|a SF981
|b .T67
|
| 070 |
0 |
|
|a SF911
|b .S45
|
| 072 |
|
0 |
|a L800
|
| 082 |
1 |
0 |
|a 636
|2 14
|
| 130 |
0 |
|
|a Topics in companion animal medicine (Philadelphia, PA : Online)
|
| 222 |
|
0 |
|a Topics in companion animal medicine
|b (Philadelphia, Pa. Online)
|
| 245 |
1 |
0 |
|a Topics in companion animal medicine
|h [electronic resource].
|
| 260 |
|
|
|a [Amsterdam] ;
|a Philadelphia, Pa. :
|b Elsevier
|
| 310 |
|
|
|a Quarterly
|
| 362 |
1 |
|
|a Began with v. 23, issue 1 (Feb. 2008).
|
| 506 |
|
|
|a License restrictions may limit access.
|
| 538 |
|
|
|a Mode of access: World Wide Web.
|
| 588 |
|
|
|a Description based on v. 23, issue 1 (Feb. 2008); title from title screen.
|
| 588 |
|
|
|a Latest issue consulted: Vol. 29, no. 3 (Sept. 2014).
|
| 650 |
|
0 |
|a Pet medicine
|v Periodicals.
|
| 650 |
|
0 |
|a Veterinary medicine
|v Periodicals.
|
| 650 |
|
7 |
|a Pet medicine.
|2 fast
|0 (OCoLC)fst01059166
|
| 650 |
|
7 |
|a Veterinary medicine.
|2 fast
|0 (OCoLC)fst01165977
|
| 655 |
|
0 |
|a Electronic journals.
|
| 776 |
1 |
|
|t Topics in companion animal medicine
|x 1938-9736
|w (DLC) 2007214483
|w (OCoLC)150539420
|
| 780 |
0 |
0 |
|t Clinical techniques in small animal practice (Online)
|x 1558-2272
|w (DLC) 2005213179
|w (OCoLC)55491403
|
| 856 |
4 |
0 |
|z Full text available from Research Library: 02/01/2008 to 2 months ago
|u https://search.proquest.com/publication/1216383
|